| 000 | 00582nam a2200229 a 4500 | ||
|---|---|---|---|
| 999 |
_c10464 _d10464 |
||
| 001 | 10464 | ||
| 003 | BD-JhCC | ||
| 005 | 20180428181212.0 | ||
| 008 | 180428s1967 usa |||| |||| 000 0 eng d | ||
| 020 | _a822010933 | ||
| 035 | _a(BD-JhCC)1064 | ||
| 040 |
_aBD-JhCC _dBD-JhCC |
||
| 041 | _aeng | ||
| 082 |
_a320.4 _bVER 1967 |
||
| 100 | _aVergani, Luisa | ||
| 245 |
_aThe prince : _bnotes / _cLuisa Vergani, |
||
| 300 |
_a80 p. : _c19 cm. |
||
| 504 | _aIncludes Bibliography | ||
| 650 | _aPrincipe (Machiavelli, Niccolò) | ||
| 650 | _aPolitical science | ||
| 942 |
_2ddc _cBK |
||